Tous les pilotes de F1 sur la grille en 2023 - Statistiques

Statistiques générales
  • Ce quiz a été pris 2 851 fois
  • Le résultat moyen est 18 sur 20
Statistiques - réponses
Hint Réponse % Correct
Ferrari Charles Leclerc
99%
Mercedes Lewis Hamilton
99%
Red Bull Max Verstappen
99%
Alpine Pierre Gasly
98%
Alpine Esteban Ocon
97%
Ferrari Carlos Sainz
96%
MacLaren Lando Norris
96%
Red Bull Sergio Perez
93%
Aston Martin Fernando Alonso
92%
MacLaren Oscar Piastri
90%
Mercedes George Russell
88%
Aston Martin Lance Stroll
87%
Alpha Tauri Tsunoda
87%
Williams Alex Albon
86%
Alpha Romeo Valteri Bottas
86%
Haas Nico Hulkenberg
82%
Haas Kevin Magnussen
81%
Alpha Romeo Guyanu Zhou
80%
Williams Logan Sargeant
70%
Alpha Tauri Nick Devries
55%
Aucun quiz correspondant
Distribution des résultats
% des personnes avec chaque résultat
Percentile par nombre de réponses
Votre historique - résultats
Vous n’avez pas pris ce quiz